Semblanzas literarias de la colonia
Uloženo v:
| Hlavní autor: | |
|---|---|
| Médium: | Kniha |
| Jazyk: | španělština |
| Vydáno: |
Santiago
Difusión Chilena
1945
|
| Edice: | Letras Chilenas
|
| Témata: | |
| Tagy: |
Přidat tag
Žádné tagy, Buďte první, kdo vytvoří štítek k tomuto záznamu!
|
MARC
| LEADER | 00000nam a2200000 a 4500 | ||
|---|---|---|---|
| 001 | UCQ6494 | ||
| 003 | CL-VaPUC | ||
| 008 | 981016e19450000CL |||||||||||||||||spa|d | ||
| 082 | 0 | 4 | |a Ch860.9 |b SOL |2 21 |
| 100 | 0 | |a Solar Correa, Eduardo |e author |9 420402 | |
| 245 | 1 | 0 | |a Semblanzas literarias de la colonia |
| 300 | |a 268 p | ||
| 942 | |c BK | ||
| 945 | |d 19981016 00:00:00 |a crobeson | ||
| 260 | |a Santiago |b Difusión Chilena |c 1945 | ||
| 650 | 0 | |a Literatura chilena |9 308278 | |
| 650 | 0 | |a Historia y crítica |9 257407 | |
| 583 | |a last modification |c 19981016 00:00:00 |k Rodrigo Vera | ||
| 490 | 0 | |a Letras Chilenas | |
| 999 | |c 276448 |d 276446 | ||
| 952 | |0 0 |1 0 |4 0 |6 CH_860_900000000000000_SOL_1945 |7 0 |8 A |9 313680 |a BIBEDU |b BIBEDU |d 2019-11-20 |i 1482327 |o Ch860.9 SOL 1945 |p 1482327 |r 2019-11-20 |w 2019-11-20 |y BK |k LIT | ||
| 952 | |0 0 |1 0 |4 0 |6 CH_860_900000000000000_SOL_1945 |7 0 |8 A |9 313681 |a BIBEDU |b BIBEDU |d 2019-11-20 |i 1482335 |o Ch860.9 SOL 1945 |p 1482335 |r 2019-11-20 |w 2019-11-20 |y BK |k LIT | ||
| 952 | |0 0 |1 0 |4 0 |6 CH_860_900000000000000_SOL_1945 |7 0 |8 X |9 313682 |a BIBHIS |b BIBHIS |d 2019-11-20 |i 1362216 |o Ch860.9 SOL 1945 |p 1362216 |r 2024-01-30 |w 2019-11-20 |y BK_X |k HIS | ||